| 000 | 00901nam a2200241Ia 4500 | ||
|---|---|---|---|
| 003 | Ost | ||
| 005 | 20260507075740.0 | ||
| 008 | 260507s9999||||xx |||||||||||||| ||und|| | ||
| 020 | _a9775919851 | ||
| 040 | _cfsecg | ||
| 041 | _aara | ||
| 082 | _a658.3125 | ||
| 100 |
_aزيدان، لواء ممدوح _eمؤلف |
||
| 245 | 0 |
_aتقييم الأداء ومواجهة الأزمات / _c لواء ممدوح زيدان |
|
| 260 |
_aالقاهرة: _bمجموعة النيل العربية, _c2003 |
||
| 300 |
_a205 صفحة؛ _bإيضاحات ؛ _c24 سم |
||
| 490 | _aسلسلة المدرب العملية | ||
| 504 | _aالمراجع ص.204 | ||
| 520 | _aمعلومات عن الأزمات،مقاييس تقييم الأداء،المهارات الأساسية،أسس التدريب | ||
| 653 | _aالازمات-ادارة | ||
| 653 | _aتقييم الأداء | ||
| 942 | _cكتاب | ||
| 999 |
_c46129 _d46129 |
||